Tahap EQ pelajar-pelajar tingkatan satu di Sekolah Menengah Kebangsaan Sentosa, Taman Bandar Baru, Kampar, Perak /
محفوظ في:
| المؤلف الرئيسي: | |
|---|---|
| التنسيق: | أطروحة كتاب |
| اللغة: | Malay |
| منشور في: |
2004.
|
| الموضوعات: | |
| الوسوم: |
إضافة وسم
لا توجد وسوم, كن أول من يضع وسما على هذه التسجيلة!
|
| LEADER | 00992cam a2200241 a 4500 | ||
|---|---|---|---|
| 001 | u714158 | ||
| 003 | SIRSI | ||
| 008 | 051027s2004 my t 000 0 may m | ||
| 040 | |a UMM | ||
| 043 | |a a-my-pe | ||
| 090 | |a LB7 |b UM 2004 Jork | ||
| 100 | 0 | 0 | |a Joriah Kamarudin |
| 245 | 1 | 0 | |a Tahap EQ pelajar-pelajar tingkatan satu di Sekolah Menengah Kebangsaan Sentosa, Taman Bandar Baru, Kampar, Perak / |c Joriah Kamarudin. |
| 260 | |c 2004. | ||
| 300 | |a xi, [127] leaves : |b ill. ; |c 30 cm. | ||
| 502 | |a Dissertation (M.Ed.) -- Fakulti Pendidikan, Universiti Malaya, 2004. | ||
| 504 | |a Bibliography: leaves 110-119. | ||
| 610 | 2 | 0 | |a Sekolah Menengah Kebangsaan Sentosa (Kampar, Perak) |x Students |
| 650 | 0 | |a Emotional intelligence |z Perak | |
| 710 | 2 | 0 | |a Universiti Malaya. |b Fakulti Pendidikan. |
| 856 | |f IARC:A511957887 |z Click Here for Abstract and Table of Contents | ||
| 596 | |a 1 | ||
| 999 | |a LB7 UM 2004 JORK |w LC |c 1 |i A511936695 |d 21/5/2017 |e 21/5/2017 |f 9/3/2006 |g 1 |l STACKS |m P01UTAMA |n 9 |r Y |s Y |t TESIS |u 6/3/2006 | ||
